000 00196 a2200097 4500
020 _a9788484123019
041 _aspa
100 _aSabate Rodie, Teresa
245 _aEl cuento de la ch
942 _cBK
999 _c30916
_d30914